000 00491nam a2200181Ia 4500
003 GCL
008 140319s9999 xx 000 0 ara d
040 _aGCL /
_cGCL
082 0 4 _a813.03
_bن ف
100 1 _aنبيل راغب
245 1 0 _aفن الرواية عند يوسف السباعى /
_cنبيل راغب
300 _a360 ص
490 _a
650 0 4 _aالادب العربى
650 0 4 _aالقصص العربية
650 0 4 _aيوسف السباعى
942 _2ddc
_cBK
999 _c40261
_d40261